| 000 | 00756nam a2200229 a 4500 | ||
|---|---|---|---|
| 001 | 21255 | ||
| 003 | CO-ViMGA | ||
| 008 | 141112s2004 ck r 000 u spa d | ||
| 020 | _a9587043944 | ||
| 040 |
_aCO-ViMGA _bspa _cCO-ViMGA |
||
| 082 | 0 | 4 | _a305.4 T465c |
| 100 | 1 |
_aThomas, Florence _923121 |
|
| 245 | 1 | 0 |
_aConversaciones con violeta : _bHistoria de una revolución inacabada |
| 260 |
_aBogotá; Aguilar, _c2006 |
||
| 300 | _a218 | ||
| 590 | _aForma de adquisición : Compra fact. 0856 - - Precio : 33000 - - Proveedor : Temas y libros - - Fecha de adquisición : Mayo 2007 | ||
| 650 | 1 | 4 |
_aDERECHOS DE LA MUJER _9405 |
| 650 | 1 | 4 |
_aFEMINISMO _91108 |
| 650 | 1 | 4 |
_aRELACION HOMBRE - MUJER _930291 |
| 650 | 1 | 4 | _aRELACIONES DE PAREJA |
| 942 |
_2ddc _cBK |
||
| 999 |
_c29883 _d29883 |
||